Co to za logo na literę N? - Statystyki

Ogólne statystyki
  • Ten quiz został rozwiązany 7 348 razy
  • Średni wynik to 13 z 20
Statystyki odpowiedzi
Obrazkowy Odpowiedź % Poprawnych
NASA
100%
Netflix
97%
Nike
96%
Nutella
94%
Nivea
90%
New Balance
88%
Nestlé
83%
National Geographic
76%
Nintendo
76%
Nissan
72%
NVidia
66%
Nerf
63%
The North Face
63%
NFL
61%
Nickelodeon
56%
Nikon
40%
NordVPN
31%
NBC
27%
The New York Times
27%
Nespresso
19%
Nie znaleziono quizów pasujących do podanych kryteriów
Rozkład punktacji
Procent ludzi z każdym wynikiem
Percentyl według liczby udzielonych odpowiedzi
Twoja historia wyników
Nie rozwiązałeś tego quizu